Marketingový audit v podniku diplomová práca

Saved in:
Bibliographic Details
Main Author: Máleková, Natália
Corporate Author: Fakulta podnikového manažmentu EU. Katedra podnikovohospodárska
Other Authors: Majtán, Štefan
Format: Book
Language:Slovak
Published: Bratislava 2017
Tags: Add Tag
No Tags, Be the first to tag this record!

MARC

LEADER 00000nbm a2200000 4500
001 0232327
005 20171030110321.8
041 0 |a slo 
044 |a SK 
245 1 0 |a Marketingový audit v podniku  |b diplomová práca  |c Natália Máleková ; školiteľ: Štefan Majtán 
264 1 |a Bratislava  |c 2017 
300 |a 73 s. 
100 1 |a Máleková, Natália 
700 1 |a Majtán, Štefan 
710 2 |a Fakulta podnikového manažmentu EU. Katedra podnikovohospodárska